Földrajzi oktatás kutúrgeográfia és középiskola. /
Elmentve itt :
| Szerző: | |
|---|---|
| Dokumentumtípus: | Cikk |
| Megjelent: |
1922
|
| Sorozat: | Föld és ember
2 No. 2 |
| Kulcsszavak: | Földrajztudomány |
| Online Access: | http://acta.bibl.u-szeged.hu/10338 |
| LEADER | 00583nab a2200169 i 4500 | ||
|---|---|---|---|
| 001 | acta10338 | ||
| 005 | 20210624093554.0 | ||
| 008 | 161015s1922 hu o 0|| hun d | ||
| 040 | |a SZTE Egyetemi Kiadványok Repozitórium |b hun | ||
| 041 | |a hun | ||
| 100 | 1 | |a Ember István | |
| 245 | 1 | 0 | |a Földrajzi oktatás |h [elektronikus dokumentum] : |b kutúrgeográfia és középiskola. / |c Ember István |
| 260 | |c 1922 | ||
| 300 | |a 176-181 | ||
| 490 | 0 | |a Föld és ember |v 2 No. 2 | |
| 695 | |a Földrajztudomány | ||
| 856 | 4 | 0 | |u http://acta.bibl.u-szeged.hu/10338/1/fold_002_002_176-181.pdf |z Dokumentum-elérés |